000 00597nam a2200253Ia 4500
005 20251020182526.0
008 200515s9999 xx 000 0 und d
082 _a691.586/O28
245 0 _aCurso práctico de pintura
260 _aBarcelona
260 _c1999
300 _aEdiciones Océano
500 _a1 ejemplar
520 _aCuatro tomos dedicados al trabajo con pintura aplicada al dibujo
650 _aACRILICO
650 _aACUARELA
650 _aCOLOR
650 _aDUJO
650 _aLIB
650 _aOLEO
650 _aPINTURA
650 _aTEMPERA
942 _cLIB
999 _c1902
_d1902